Statistiques concernant Carte séquentielle aléatoire des pays d’Océanie

Cliquez ici pour prendre le quiz!

Statistiques générales

  • Ce quiz a été pris 5 719 fois
  • Le résultat moyen est 11 sur 14

Réponses sur la Carte

Les réponses sont colorées sur une échelle allant du rouge au vert en fonction du pourcentage des utilisateurs qui les ont devinées à leur premier essai. Vous pouvez retrouver ces pourcentages ci-dessous.
 

Statistiques - réponses

Pays% Correct
Australie
88%
Nouvelle-Zélande
88%
Papouasie-Nouvelle-Guinée
86%
États Fédérés de Micronésie
83%
Kiribati
83%
Fidji
82%
Tonga
81%
Îles Marshall
80%
Îles Salomon
80%
Samoa
80%
Tuvalu
80%
Vanuatu
80%
Nauru
79%
Palaos
78%

Distribution des résultats

Percentile par nombre de réponses

% des personnes avec chaque résultat

Votre développement - résultats

Vous n’avez pas pris ce quiz